01228nam a2200157 a 4500008004100000020001500041041000800056100001700064245008000081250004100161260004400202300001100246500011900257505067900376655001501055190917e2001 sp |||g |||| 001 0 spa d a8466305017 aspa1 aRidley, Matt aGenoma.bLa autobiografía de una especie en 23 capítulos /cMatt Ridley a1a ed.bTraducción Irene Cifuentes aBuenos Aires:bPunto de Lectura;c2001. a598 p. aRidley, M. (2001). Genoma. La autobiografía de una especie en 23 capítulos. (1a ed.). Madrid : Suma de Letras. aEl genoma humano, todo el conjunto de genes alojados en 23 pares de cromosomas, constituye nada menos que una autobiografía de nuestra especie. Escrito con mil millones de palabras de tres letras que utilizan el alfabeto de cuatro letras del ADN, el genoma ha sido corregido, abreviado, modificado y aumentado a medida que se ha transmitido de generación en generación a lo largo de más de tres millones de años. Al elegir uno de los genes recién descubiertos de cada uno de los 23 cromosomas humanos, y relatar su historia, Matt Ridley narra la historia de nuestra especie y sus antepasados desde los albores de la vida hasta la antesala de la futura medicina.  aLiteratura